000 00428nmm a2200145Ia 4500
008 251105s9999||||xx |||||||||||||||||und||
041 _aspa
100 _aBonsignore, Armando
245 0 _aSin principio ni fin
264 _a[Madrid, España] :
_bEditorial Club Universitario: ECU,
_c2017
300 _a221 páginas
650 _aSpanish narrative
856 _uhttps://public.digitaliapublishing.com/a/171587
942 _cCF
999 _c106344
_d106344